Klicke die Schweizer Städte auf einer Karte - Statistiken

Allgemein
  • Dieses Quiz wurde 41 mal gespielt
  • Das Durchschnittsergebnis liegt bei 13 aus 16
Antworten auf der Karte
Die Antworten werden auf der Karte rot bzw. grün angezeigt, abhängig davon wie oft sie richtig erraten wurden.
 
Antwortstatistiken
Antwort % Korrekt
Schaffhausen
92%
Basel
89%
Lugano
89%
Genf
86%
Lausanne
86%
Luzern
83%
Bern
81%
Zug
81%
Chur
78%
Neuenburg
78%
Zürich
78%
Appenzell
75%
Freiburg
75%
Frauenfeld
69%
Sitten
69%
Sankt Gallen
67%
Keine übereinstimmenden Quizze gefunden
Verteilung der Resultate
Anzahl Personen mit jedem Resultat
Perzentil nach korrekt beantworteten Fragen
Ihre Resultats-Entwicklung
Sie haben dieses Quiz noch nicht gespielt